00727cam a2200217 a 4500020001500000082001600015100001900031245002300050260005300073300002000126500002000146650002200166650002300188700001900211700002100230856006400251856005600315942000700371999001500378952011600393 a007213090300a005.8/4 HAR1 aHarley, David.10aViruses revealed / aBerkeley, Calif. :bOsborne/McGraw-Hill,cc2001. axxxvi, 683 p. ; aIncludes index. 0aComputer viruses. 0aComputer security.1 aSlade, Robert.1 aGattiker, Urs E.42uhttp://www.loc.gov/catdir/description/mh021/2001277985.html41uhttp://www.loc.gov/catdir/toc/mh021/2001277985.html cBK c2185d2185 0010708NFICaMLCampusbMLCampuscGENd2015-09-18l0o005.8/4 HARp003255r2022-11-17 00:00:00w2015-09-18yBK